It looks like you're offline.
Open Library logo
additional options menu

MARC Record from Harvard University

Record ID harvard_bibliographic_metadata/20220215_014.bib.mrc:292958188:1035
Source Harvard University
Download Link /show-records/harvard_bibliographic_metadata/20220215_014.bib.mrc:292958188:1035?format=raw

LEADER: 01035cam a2200205I 4500
005 20020606093309.7
008 781115s1882 enk 000 0 eng c
001 990030190410203941
010 $ae^^10002376^
035 $a(OCoLC)4374380$0(uri) http://www.worldcat.org/oclc/4374380
040 $aU.S. Bur. of Education$cCLE$dHMG
050 $aLA633$b.A21
100 1 $aAdams, Francis.$0(uri) http://id.loc.gov/authorities/names/nr94036049$0(uri) http://viaf.org/viaf/sourceID/LC|nr94036049
245 00 $aHistory of the elementary school contest in England.$cBy Francis Adams.
260 $aLondon,$bChapman and Hall, limited,$c1882.
300 $axii, 349 p., 1 ℓ.$c23 cm.
650 0 $aEducation, Elementary$zGreat Britain$0(uri) http://id.loc.gov/authorities/subjects/sh2008102744
650 0 $aEducation$zGreat Britain$0(uri) http://id.loc.gov/authorities/subjects/sh85041030
852 0 $bGUT$cGEN$hLA633$i.A21$8221858996470003941
876 $8221858996470003941$q1$70$mGEN$yBOOK$p32044028793503$cGEN$0231858996430003941$h61$nLA633 .A21$bGUT$lGUT